00785cam a2200217 i 45000010009000000050017000090080041000260200018000670400028000850820022001131000022001352450147001572500009003042600063003133000020003766500026003967000032004229420006004549520094004609990013005541567401520240220005157.0090326s2009 ce b 000 0 eng  a9789555801195 aDLCbengcDLCdDLCerda 222a320.94.bMIS.1 aRainford, Charan.10aMistaking politics for governance :bthe politics of interim arrangements in Sri Lanka, 2002-2005 /cCharan Rainford and Ambika Satkunanathan. a1st, aColombo :bInternational Centre for Ethnic Studies,c2009. aiv, 198 pages ; 0aCoalition governments1 aSatkunanathan, Ambika.eedt cL 001040708LaWERCLbWERCLd2024-02-20l0o320.94. MIS.p6574r2024-02-20w2024-02-20yL c430d430